banner koha

Biologia comparada de Nusalala uruguaya (Navas, 1923)(Neuroptera: Hemerobiidae)alimentada com diferentes especies de afideos. 1: fase de larva (Registro n. 132653)

MARC details
000 -LÍDER
campo de controle de tamanho fixo 01015nas a2200277 4500
001 - NÚMERO DE CONTROLE
campo de controle BR9202973
003 - IDENTIFICADOR DO NÚMERO DE CONTROLE
campo de controle BR-BrBNA
005 - DATA E HORÁRIO DA ÚLTIMA TRANSAÇÃO
campo de controle 20231205092600.0
007 - CAMPO FIXO DE DESCRIÇÃO FÍSICA--INFORMAÇÃO GERAL
campo de controle de tamanho fixo ta
008 - CAMPO DE DADOS FIXOS--INFORMAÇÃO GERAL
campo de controle de tamanho fixo 230509b bl.|||p| |||| 00| 00por d
040 ## - FONTE DA CATALOGAÇÃO
Instituição da catalogação original BR-BrBNA
Idioma da catalogação por
Instituição que transcreveu o registro Biblioteca Nacional de Agricultura
041 ## - CÓDIGO DE IDIOMA
Código do idioma do texto/trilha sonora ou título diferente (Pt)
072 ## - CÓDIGO DE CATEGORIA DE ASSUNTO
Código de Categoria de Assunto H10
100 1# - ENTRADA PRINCIPAL--NOME PESSOAL
Nome pessoal Souza, B.
100 1# - ENTRADA PRINCIPAL--NOME PESSOAL
Nome pessoal Matioli, J.C.
100 1# - ENTRADA PRINCIPAL--NOME PESSOAL
Nome pessoal Ciociola, A.I.
245 1# - TÍTULO
Título Biologia comparada de Nusalala uruguaya (Navas, 1923)(Neuroptera: Hemerobiidae)alimentada com diferentes especies de afideos. 1: fase de larva
246 1# - FORMA VARIANTE DO TÍTULO
Título/título abreviado Comparative biology of Nusalala uruguaya (Navas, 1923)(Neuroptera; Hemerobiidae)fed with different aphid species. 1: larval stage
650 ## - ASSUNTO--TERMO TÓPICO
Cabeçalho tópico ou nome geográfico ARTROPODA
650 ## - ASSUNTO--TERMO TÓPICO
Cabeçalho tópico ou nome geográfico AFIDIO
650 ## - ASSUNTO--TERMO TÓPICO
Cabeçalho tópico ou nome geográfico CONTROLE BIOLOGICO
650 ## - ASSUNTO--TERMO TÓPICO
Cabeçalho tópico ou nome geográfico PREDADOR
773 0# - ENTRADA ANALÍTICA
Título Anais da Escola Superior de Agricultura Luiz de Queiroz (Brazil)
ISSN - International Standard Serial Number ISSN 0071-1276
Partes relacionadas (1990), v. 47(2) p. 283-300
Número de controle do registro BR9202973
909 ## -
-- 202311
-- Lúcia
-- 55
-- Lúcia Elande
942 ## - ELEMENTOS DE ENTRADA ADICIONADOS (KOHA)
Fonte da classificação ou esquema de arquivamento na estante Classificação AGRIS
Ocultar no OPAC Não
Tipo de material Koha Analítica
Exemplares
Situação do descarte Fonte da classificação ou esquema de arquivamento na estante Situação física Não pode ser emprestado Biblioteca de origem Biblioteca atual Localização na estante Enumeração do periódico / cronologia Total de empréstimos Data de último acesso Número do exemplar Tipo de material Koha Fonte de aquisição
  Classificação AGRIS   Consulta local Biblioteca Nacional de Agricultura - Binagri Biblioteca Nacional de Agricultura - Binagri   (1990), v. 47(2) p. 283-300   29/11/2023 01 Periódicos Portaria Interministerial nº 164/94

BINAGRI

Telefone: (61)3218-2567/2388/3357/2097 - binagri@agro.gov.br

Ministério da Agricultura e Pecuária , Esplanada dos Ministérios, Bloco D, Anexo B, Brasília/DF, CEP: 70.043-900